|
|
|
|
| LEADER |
03344nam a2200601 4500 |
| 001 |
978-981-13-3356-9 |
| 003 |
DE-He213 |
| 005 |
20191220125600.0 |
| 007 |
cr nn 008mamaa |
| 008 |
191130s2019 si | s |||| 0|eng d |
| 020 |
|
|
|a 9789811333569
|9 978-981-13-3356-9
|
| 024 |
7 |
|
|a 10.1007/978-981-13-3356-9
|2 doi
|
| 040 |
|
|
|d GrThAP
|
| 050 |
|
4 |
|a TA703-705.4
|
| 050 |
|
4 |
|a TA775-787
|
| 072 |
|
7 |
|a RBP
|2 bicssc
|
| 072 |
|
7 |
|a SCI042000
|2 bisacsh
|
| 072 |
|
7 |
|a RBP
|2 thema
|
| 072 |
|
7 |
|a RBGK
|2 thema
|
| 082 |
0 |
4 |
|a 624.15
|2 23
|
| 100 |
1 |
|
|a Yang, Changwei.
|e author.
|4 aut
|4 http://id.loc.gov/vocabulary/relators/aut
|
| 245 |
1 |
0 |
|a Three Dimensional Space-Time Analysis Theory of Geotechnical Seismic Engineering
|h [electronic resource] /
|c by Changwei Yang, Guotao Yang, Jianjing Zhang, Hongsheng Ma.
|
| 250 |
|
|
|a 1st ed. 2019.
|
| 264 |
|
1 |
|a Singapore :
|b Springer Singapore :
|b Imprint: Springer,
|c 2019.
|
| 300 |
|
|
|a IX, 366 p. 366 illus.
|b online resource.
|
| 336 |
|
|
|a text
|b txt
|2 rdacontent
|
| 337 |
|
|
|a computer
|b c
|2 rdamedia
|
| 338 |
|
|
|a online resource
|b cr
|2 rdacarrier
|
| 347 |
|
|
|a text file
|b PDF
|2 rda
|
| 505 |
0 |
|
|a Basis of Seismology -- Analysis Technics of Seismic Signals -- Analysis of Seismic Dynamic Characteristics of High and Steep Rock Slopes -- Time-frequency Analysis Theory of Seismic Stability of High and Steep Rock Slopes -- Time-frequency Analysis Theory of Seismic Stability of Retaining Structures -- Seismic Dynamic Time Frequency Theory of Layered Site.
|
| 520 |
|
|
|a Written by respected experts, this book presents essential findings on the Wenchuan earthquake. It establishes a series of time-frequency analysis methods, and subsequently applies them to the layered site, slope, and earth-retaining wall. Further, it examines various cases and their solutions, and shares the results of numerous shaking-table tests and numerical simulations. As such, it is a valuable resource for researchers and engineers in the fields of geotechnical engineering and anti-seismic engineering.
|
| 650 |
|
0 |
|a Engineering geology.
|
| 650 |
|
0 |
|a Engineering-Geology.
|
| 650 |
|
0 |
|a Foundations.
|
| 650 |
|
0 |
|a Hydraulics.
|
| 650 |
|
0 |
|a Geotechnical engineering.
|
| 650 |
|
0 |
|a Mechanics.
|
| 650 |
|
0 |
|a Mechanics, Applied.
|
| 650 |
|
0 |
|a Natural disasters.
|
| 650 |
1 |
4 |
|a Geoengineering, Foundations, Hydraulics.
|0 http://scigraph.springernature.com/things/product-market-codes/T23020
|
| 650 |
2 |
4 |
|a Geotechnical Engineering & Applied Earth Sciences.
|0 http://scigraph.springernature.com/things/product-market-codes/G37010
|
| 650 |
2 |
4 |
|a Solid Mechanics.
|0 http://scigraph.springernature.com/things/product-market-codes/T15010
|
| 650 |
2 |
4 |
|a Natural Hazards.
|0 http://scigraph.springernature.com/things/product-market-codes/G32000
|
| 700 |
1 |
|
|a Yang, Guotao.
|e author.
|4 aut
|4 http://id.loc.gov/vocabulary/relators/aut
|
| 700 |
1 |
|
|a Zhang, Jianjing.
|e author.
|4 aut
|4 http://id.loc.gov/vocabulary/relators/aut
|
| 700 |
1 |
|
|a Ma, Hongsheng.
|e author.
|4 aut
|4 http://id.loc.gov/vocabulary/relators/aut
|
| 710 |
2 |
|
|a SpringerLink (Online service)
|
| 773 |
0 |
|
|t Springer eBooks
|
| 776 |
0 |
8 |
|i Printed edition:
|z 9789811333552
|
| 776 |
0 |
8 |
|i Printed edition:
|z 9789811333576
|
| 856 |
4 |
0 |
|u https://doi.org/10.1007/978-981-13-3356-9
|z Full Text via HEAL-Link
|
| 912 |
|
|
|a ZDB-2-ENG
|
| 950 |
|
|
|a Engineering (Springer-11647)
|